| Tag |
First Indicator |
Second Indicator |
Subfields |
| LEADER |
00000cam a2200000I 4500 |
| 001 |
in00000049556 |
| 005 |
20151007071801.0 |
| 008 |
780815s1941 gp b b 000 0 eng |
| 010 |
|
|
|a 44033724
|
| 035 |
|
|
|a (OCoLC)ocm04142038
|
| 035 |
|
|
|a (OCoLC)04142038
|
| 035 |
|
|
|9 AAE6631AM
|
| 040 |
|
|
|a DLC
|c SMI
|d OCLCQ
|d UtOrBLW
|
| 043 |
|
|
|a nwgp---
|
| 049 |
|
|
|a TXAM
|
| 050 |
|
0 |
|a QK231.S3
|b Q4
|
| 092 |
|
|
|a 581.9729
|b Q5f
|
| 100 |
1 |
|
|a Questel, Adrien.
|
| 245 |
1 |
4 |
|a The flora of St-Bartholomew (French West Indies) and its origin /
|c by Adrien Questel.
|
| 264 |
|
1 |
|a Basse-Terre (Guadeloupe) :
|b Imprimerie catholique,
|c 1941 [i.e. 1942]
|
| 300 |
|
|
|a vii, 224 pages :
|b 1 leaf plate, 3 maps (1 folded) ;
|c 23 cm.
|
| 336 |
|
|
|a text
|b txt
|2 rdacontent
|
| 337 |
|
|
|a unmediated
|b n
|2 rdamedia
|
| 338 |
|
|
|a volume
|b nc
|2 rdacarrier
|
| 500 |
|
|
|a "Printing ended ... on January 21st, one thousand nine hundred and forty-two."
|
| 504 |
|
|
|a Bibliography: pages [57]-60.
|
| 650 |
|
0 |
|a Botany
|z Saint-Barthélemy.
|
| 949 |
|
|
|a updated
|b h
|c 2006/2/7
|e fpiscitelli
|f 4:29:31 pm
|
| 994 |
|
|
|a C0
|b TXA
|
| 999 |
|
|
|a MARS
|
| 999 |
f |
f |
|s 9231a34b-d80e-3dd3-ae29-e75741c68eb7
|i a41d0bc5-91a4-3884-a65f-1773fb060538
|t 0
|
| 952 |
f |
f |
|p ric
|a Texas A&M University
|b Rellis Campus
|c Joint Library Facility
|d Remote Storage
|t 0
|e QK231.S3 Q4
|h Library of Congress classification
|i unmediated -- volume
|m A14800993137
|
| 998 |
f |
f |
|a QK231.S3 Q4
|t 0
|l Remote Storage
|